00875nam a2200241 a 450000100100000000500170001000800410002702000150006804000250008304100130010808200150012110000360013624000400017224501150021226000280032730000350035549000270039059000270041770000290044483000300047395201130050399900170061600004241320201002040135.0131128s1998 sp a 000 j spa d a8420789879 aDO-SdBNPbspacBNPHU17aspa2eng axxxbC334a1 aCasalderrey, Finad1951-96953610aÁs de mosca para Anxo.lEspañol10aAlas de mosca para Ángel /cFina Casalderrey ; ilustraciones de Manuel Uhía ; traducción de Juan Farias. aMadrid :bAnaya,c1998. a144 p. :bil., retrs ;c20 cm.1 aSopa de libros ;v22 ; aInventariado, 2019/ YL12aFarias, Juanetr.969537 0aSopa de librosn22969538 001050718MOaGRbGRcCTd2013-11-28iLF1l0oxxx C334ap42413-10r2020-06-25w2020-06-25y1ZNo se presta c41902d41902